| 000 | 00460nam a2200169Ia 4500 | ||
|---|---|---|---|
| 008 | 230524s9999 xx 000 0 und d | ||
| 082 |
_a612 _bMOR |
||
| 100 |
_aClifford T.Morgan _924015 |
||
| 245 | 0 | _aIntroduction to Psychology | |
| 250 | _a7TH | ||
| 260 |
_aNEW DELHI _bTMH _c2004 |
||
| 300 | _aXVI;724 | ||
| 500 | _aQuantity Number: 1 | ||
| 650 |
_aMiscellaneous _91877 |
||
| 700 |
_a"Richard A.King,John R.Weisz , John Schopler,," _924016 |
||
| 942 | _cBK | ||
| 999 |
_c35563 _d35563 |
||